La Empresa familiar y el pequeǫ negocio

Bibliographic Details
Main Author: Aragoneses Cc̀eres, Ignacio
Format: eBook
Language:Spanish
Published: Bogot:̀ Ediciones de la U, 2013
Subjects:
Online Access:Acceso restringido

MARC

LEADER 00000nam a22000007a 4500
005 2021051302492.0
007 cr|||| ||||
008 210513s2013 co |||||s|||| 00||0 spa d
020 |a 978-958-762-168-6 
035 |a 33386 
040 |a vLex 
090 |c 11658  |d 11658 
100 1 |a Aragoneses Cc̀eres, Ignacio 
245 1 2 |a La Empresa familiar y el pequeǫ negocio  |h [Recurso electrn̤ico] /  |c Ignacio Aragoneses Cc̀eres 
256 |a Servicio en ln̕ea 
260 |a Bogot:̀  |b Ediciones de la U,  |c 2013 
300 |a 1 recurso electrn̤ico 
500 |a La idea de realizar este libro naci ̤de la necesidad de entender, aceptar y solucionar ciertos problemas que se dan en los pequeǫs negocios y sobre todo en la empresa familiar. La motivacin̤ que me ha llevado a estar durante muchos meses escribiendo ha sido la de encontrar las respuestas a esos problemas que, pareciendo tan obvios, siguen siendo el caballo de batalla de los pequeǫs empresarios. 
506 1 |a Disponible solo en los productos indicados  |d vLex Global  |d vLex Global (Academic Edition, excluding Law Schools)  |d vLex Global (U.S. Academic Edition, Law Schools)  |d vLex Global (U.S. Academic Edition, excluding Law Schools)  |d vLex Global (Academic Edition, Law Schools) 
650 0 4 |a Economa̕ y negocios  |z Colombia 
740 0 |a vLex Libros (Servicio en ln̕ea) 
856 4 0 |u https://vlex.com/source/empresa-familiar-y-el-peque-o-negocio-33386  |z Acceso restringido 
942 |c BOOK 
999 0 |a Economy and business